000 00294nam a22001337a 4500
008 170810b xxu||||| |||| 00| 0 eng d
020 _a9783825208028
041 _ager
080 _a004
100 _a35
101 _aSHK
245 _aWIRTSCHAFTS-INFORMATIK I
_cHANSEN,H.R
942 _2udc
_cBK
999 _c23168
_d23168